000 004320000a22001810004500
003 MACL
005 20150929112450.0
008 150929b xxu||||| |||| 00| 0 eng d
040 _aMACL
_cMACL
041 _aEnglish
082 _a821/KHA
100 _aKhare, Anand
_91398
245 _aPassions Creation
260 _bSeminar Research Centre
_c1996
_aHyderabad
350 _a380
650 _aPoetry
_912589
942 _cBK
_k821
_2ddc
999 _c2391
_d2391